00428nam a22001337a 4500020001500000082000800015100003500023245008200058260003900140300001200179490001100191505007300202650001900275 a0866381295 a658 aBriscoe,RobertaNair, Godwin.s aEnterprise support organization for the south pacific: Problems and proposals aHawalibthe east west centrec1990 a4 -11 p ano. 13 aPaific island development programe: Research reports series no.13  achemitryaPIDP